| 000 | 00602nam a22002057a 4500 | ||
|---|---|---|---|
| 003 | OSt | ||
| 005 | 20140310183008.0 | ||
| 008 | 130211t xxu||||| |||| 00| 0 eng d | ||
| 020 | _a97192137x | ||
| 050 |
_aTX 911.3P8 _b.R744 2001 |
||
| 100 | _aRoldan, Amelia Samson. | ||
| 245 |
_aFood service and bartending / _cAmelia Samson Roldan |
||
| 260 |
_aParaÞaque : _bAR Skills Development & Management Services Publications, _c2001. |
||
| 300 |
_av, 179 p. : _c25 cm. _bill. ; |
||
| 521 | _aTOU | ||
| 651 | _aFood service management | ||
| 651 | _aBartending | ||
| 942 |
_2lcc _cBK _kLOC |
||
| 999 |
_c18197 _d18197 |
||